গুল-বাগ / (Record no. 48397)
[ view plain ]
| 000 -LEADER | |
|---|---|
| fixed length control field | 00751nam a2200229 a 4500 |
| 001 - CONTROL NUMBER | |
| control field | 48397 |
| 003 - CONTROL NUMBER IDENTIFIER | |
| rucl marc code | BD-RjUL |
| 005 - DATE AND TIME OF LATEST TRANSACTION | |
| control field | 20211209054522.0 |
| 008 - FIXED-LENGTH DATA ELEMENTS--GENERAL INFORMATION | |
| fixed length control field | 160813s1946 BG ||||| |||| 00| 0 ben d |
| 020 ## - INTERNATIONAL STANDARD BOOK NUMBER | |
| Terms of availability | :TK. 1.50 |
| 035 ## - SYSTEM CONTROL NUMBER | |
| System control number | (BD-RjUL)48516 |
| 040 ## - CATALOGING SOURCE | |
| Original cataloging agency | BD-RjUL |
| Language of cataloging | ben |
| Transcribing agency | BD-RjUL |
| 041 ## - LANGUAGE CODE | |
| Language code of text/sound track or separate title | ben |
| 082 ## - DEWEY DECIMAL CLASSIFICATION NUMBER | |
| Edition number | 23 |
| Classification number | 891.441 |
| Author mark and year | SAG 1946 |
| 100 1# - MAIN ENTRY--PERSONAL NAME | |
| Personal name | সাইফুল্লাহ, শেখ |
| 9 (RLIN) | 146439 |
| 245 10 - TITLE STATEMENT | |
| Title | গুল-বাগ / |
| Statement of responsibility, etc. | শেখ সাইফুল্লাহ |
| 260 ## - PUBLICATION, DISTRIBUTION, ETC. (IMPRINT) | |
| Place of publication, distribution, etc. | ঢাকা : |
| Name of publisher, distributor, etc. | তমদ্দুন প্রেস, |
| Date of publication, distribution, etc. | ১৯৪৬ |
| 300 ## - PHYSICAL DESCRIPTION | |
| Pagination | [১৪], ৬৪ পৃ ; |
| Size | ১৭ সেমি. |
| 650 ## - SUBJECT ADDED ENTRY--TOPICAL TERM | |
| Topical term or geographic name as entry element | বাংলা |
| Form subdivision | কবিতা |
| 9 (RLIN) | 146440 |
| Topical term or geographic name as entry element | Bengali |
| Form subdivision | Poetry |
| 9 (RLIN) | 146441 |
| 942 ## - ADDED ENTRY ELEMENTS (KOHA) | |
| Source of classification or shelving scheme | Dewey Decimal Classification |
| Koha item type | Books |
| Lost status | Source of classification or shelving scheme | Damaged status | Not for loan | Collection code | Permanent Location | Current Location | Shelving location | Date acquired | Source of acquisition | Cost, normal purchase price | Total Checkouts | Full call number | Date last seen | Copy number | Koha item type |
|---|---|---|---|---|---|---|---|---|---|---|---|---|---|---|---|
| Dewey Decimal Classification | Non-fiction | Central Library, University of Rajshahi | Central Library, University of Rajshahi | 16/08/1968 | Prantik | 2.00 | B 891.441 SAG 1953 | 13/08/2016 | C-2 | Books | |||||
| Dewey Decimal Classification | Non-fiction | Central Library, University of Rajshahi | Central Library, University of Rajshahi | 16/08/1968 | Prantik | 2.00 | B 891.441 SAG 1953 | 13/08/2016 | C-3 | Books | |||||
| Dewey Decimal Classification | Non-fiction | Central Library, University of Rajshahi | Central Library, University of Rajshahi | 27/10/1955 | Mokajjem book | 1.50 | B 891.441 SAG 1953 | 13/08/2016 | C-4 | Books | |||||
| Dewey Decimal Classification | Non-fiction | Central Library, University of Rajshahi | Central Library, University of Rajshahi | 27/10/1955 | Mokajjem book | 1.50 | B 891.441 SAG 1953 | 13/08/2016 | C-5 | Books | |||||
| Dewey Decimal Classification | Non-fiction | Central Library, University of Rajshahi | Central Library, University of Rajshahi | 27/10/1955 | Mokajjem book | 1.50 | B 891.441 SAG 1953 | 13/08/2016 | C-6 | Books | |||||
| Dewey Decimal Classification | Non-fiction | Central Library, University of Rajshahi | Central Library, University of Rajshahi | 27/10/1955 | Mokajjem book | 1.50 | B 891.441 SAG 1946 | 20/08/2016 | C-7 | Books |